Statistics for Ye Olde Professions Quiz

Click here to take the quiz!

General Stats

  • This quiz has been taken 74,464 times
    (50,734 since last reset)
  • The average score is 16 of 28

Answer Stats

DescriptionProfession% Correct
Makes breadBaker
96%
Amuses the kingJester
91%
Works with iron or steelBlacksmith
88%
Herds sheepShepherd
85%
Prepares and sells meatButcher
81%
Makes clothesTailor
78%
Makes beerBrewer
78%
Builds using stone or brickMason
75%
Assists in the birth of a child (female)Midwife
74%
Grinds grain into flourMiller
72%
Turns base metals to goldAlchemist
68%
Sells fishFishmonger
67%
Traveling poet/singerBard
64%
Repairs shoesCobbler
63%
Sews clothes (female)Seamstress
62%
Makes leatherTanner
62%
Milks cows (female)Milkmaid
55%
Manages household servantsButler
51%
Carries luggagePorter
44%
Makes barrelsCooper
39%
Sells medicineApothecary
39%
Makes, sells and repairs furFurrier
34%
Cares for horsesGroom
26%
Drives a team of animalsTeamster
22%
Works with leadPlumber
21%
Makes candlesChandler
19%
Cuts timber into boardsSawyer
17%
Makes wagonsWainwright
15%

Score Distribution

Percentile by Number Answered

Percent of People with Each Score

Your Score History

You have not taken this quiz since the last reset